00422cam a22001455i 45000010009000000050017000090080041000260200018000670400013000850820020000981000024001182450078001422600045002203000011002651903759420180908105642.0160331s2016 nyu 000 0 eng  a9780198786221 cPK-LaUMT a612.8233bPAS-C1 aPassingham, Richard10aCognitive neuroscience :ba very short introduction /cRichard Passingham aOxford :bOxford University Press,c2016 a134 p.